Norwegian Wood (Record no. 221177)

MARC details
000 -LEADER
fixed length control field 01404nam a22001937a 4500
005 - DATE AND TIME OF LATEST TRANSACTION
control field 20220113114349.0
008 - FIXED-LENGTH DATA ELEMENTS--GENERAL INFORMATION
fixed length control field 220113b ||||| |||| 00| 0 eng d
020 ## - INTERNATIONAL STANDARD BOOK NUMBER
International Standard Book Number 9780099448822
040 ## - CATALOGING SOURCE
Transcribing agency AL
041 ## - LANGUAGE CODE
Language code of text/sound track or separate title English
082 ## - DEWEY DECIMAL CLASSIFICATION NUMBER
Edition number 23
Classification number 895.635
Item number MURN
100 ## - MAIN ENTRY--PERSONAL NAME
Personal name Haruki Murakami
9 (RLIN) 13074
245 ## - TITLE STATEMENT
Title Norwegian Wood
260 ## - PUBLICATION, DISTRIBUTION, ETC.
Place of publication, distribution, etc. London
Name of publisher, distributor, etc. Vintage Books
Date of publication, distribution, etc. 2003
300 ## - PHYSICAL DESCRIPTION
Extent 389p.
Other physical details PB
Dimensions 19.9x13cm.
365 ## - TRADE PRICE
Source of price type code General
Price type code 4477
Price amount 467.22
Currency code
Unit of pricing 599
Price note 22%
Price effective from 18-12-2021
520 ## - SUMMARY, ETC.
Summary, etc. When he hears her favourite Beatles song, Toru Watanabe recalls his first love Naoko, the girlfriend of his best friend Kizuki. Immediately he is transported back almost twenty years to his student days in Tokyo, adrift in a world of uneasy friendships, casual sex, passion, loss and desire - to a time when an impetuous young woman called Midori marches into his life and he has to choose between the future and the past.<br/><br/>'Evocative, entertaining, sexy and funny; but then Murakami is one of the best writers around' Time Out<br/><br/>'Such is the exquisite, gossamer construction of Murakami's writing that everything he chooses to describe trembles with symbolic possibility' Guardian<br/><br/>'This book is undeniably hip, full of student uprisings, free love, booze and 1960s pop, it's also genuinely emotionally engaging, and describes the highs of adolescence as well as the lows' Independent on Sunday
942 ## - ADDED ENTRY ELEMENTS (KOHA)
Source of classification or shelving scheme Dewey Decimal Classification
Koha item type Book

No items available.